Top 10 Cricket Batsmen - Test, ODI, T20I - Statistics

General Stats
  • This quiz has been taken 122 times
    6 since last reset
  • The average score is 23 of 30
Answer Stats
Test Runs Nation Answer % Correct
11953 West Indies Brian Lara
100%
12400 Sri Lanka Kumar Sangakkara
100%
14234 Sri Lanka Kumar Sangakkara
100%
13288 India Rahul Dravid
100%
13378 Australia Ricky Ponting
100%
13704 Australia Ricky Ponting
100%
11577* India Rohit Sharma
100%
4231 India Rohit Sharma
100%
15921 India Sachin Tendulkar
100%
18426 India Sachin Tendulkar
100%
13430 Sri Lanka Sanath Jayasuriya
100%
14797* India Virat Kohli
100%
4188 India Virat Kohli
100%
12472 England Alastair Cook
67%
4596* Pakistan Babar Azam
67%
11739 Pakistan Inzamam-ul-Haq
67%
13289 South Africa Jacques Kallis
67%
11579 South Africa Jacques Kallis
67%
13943* England Joe Root
67%
4037* England Jos Buttler
67%
11814 Sri Lanka Mahela Jayawardene
67%
12650 Sri Lanka Mahela Jayawardene
67%
3414 Pakistan Mohammad Rizwan
67%
3895* Ireland Paul Stirling
67%
11867 West Indies Shivnerine Chanderpaul
67%
11363 India Sourav Ganguly
67%
3272* India Suryakumar Yadav
67%
3277 Australia David Warner
33%
3531 New Zealand Martin Guptill
33%
3338* UAE Muhammad Waseem
33%
No matching quizzes found
Score Distribution
Percent of People with Each Score
Percentile by Number Answered
Your Score History
You have not taken this quiz since the last reset